000 00564nam a22002057a 4500
003 OSt
005 20250312192806.0
008 250312b |||||||| |||| 00| 0 eng d
020 _a9780716757061
040 _cCentral University Library
100 _aBerger Kathleen Stassen
245 _aThe Developing Person
_bThrough the Life Span
250 _aSixth
260 _aNew York
_bWorth
_c2005
300 _axxvii, 666 pages; Part III
_c27.5 cm
490 _3Psychology
500 _aIncludes Subject Index
600 _2Human Development
942 _2lcc
_cBK
_n0
999 _c4719
_d4719